000 00635nam a2200229 i 4500
001 105873
003 ES-MaACL
005 20250911062650.0
007 t|
008 060905s1959 sp ||||1| spa d
080 _a821.134.2-31"19"
100 1 _aDelibes, Miguel,
_d1920-2010
_9233557
245 1 3 _aLa hoja roja /
_cMiguel Delibes.
250 _a1ª ed.
260 _aBarcelona :
_bDestino,
_c1959.
300 _a236 p. ;
_c19 cm.
490 1 _aAncora y delfín ;
_v168
500 _aBiblioteca Juan Andrade.
830 0 0 _aÁncora y Delfín
_v168
_9151298
852 _aES-MaACL
_jAND-694
_bR.109990
999 _c105873
_d105873